000 00241 a2200085 4500
245 _aPUBLIC ADMINISTRATION OF RESEARCH IN ZIMBABWE
_hText
100 _aMINISTRY OF FINANCE ,ECONOMIC PLANNING AND DEVELOPMENT
650 _aHistory
005 20191017173135.0
084 _aNONE
999 _c9851
_d9851